• 首页
  • 本馆介绍
  • 公告通知
  • 最新文献
  • 馆藏检索
  • 电子资源
  • 读者导购
  • 参考咨询
  • 我的图书馆
  • 登录
  • 详细信息显示
  • 放入我的书架
  • 预约/预借图书
  • 作者相关作品
  • 分类相关作品
  • 丛书相关作品
  • 出版社相关作品

书目信息

  • 表格格式
  • 工作单格式
  • 卡片格式
题名:
书店革命
    
 
作者: 三石 著
分册:  
出版信息: 哈尔滨   黑龙江教育出版社  2016
页数: 299页
开本: 24cm
丛书名:
单 册:
中图分类: G239.23
科图分类:
主题词: 书店--shu dian--商业经营--研究--中国
电子资源:
ISBN: 978-7-5316-8835-8
000 01332nam0 2200289 450
001 012017000041
005 20180115151656.92
010    @a978-7-5316-8835-8@b@dCNY79.00
100    @a20160912d2016 em y0chiy0121 ea
101 0  @achi
102    @aCN@b230000
105    @aa z 000yy
106    @ar
200 1  @a书店革命@Ashu dian ge ming@d= The revolution of bookstore@f三石著@g@zeng
210    @a哈尔滨@c黑龙江教育出版社@d2016
215    @a299页@c彩图@d24cm
312    @a副题名取自封面
314    @a三石, 原名张磊, 作家、传媒人、出版人、中国出版营销专家等。
330    @a国家新闻出版广电总局副局长、国家版权局副局长 阎晓宏作序三石老师首次公开实体书店成功升级改造策划手记· 中国最美欧式书店--哈尔滨果戈里书店· 中国最美“国门书店”--黑河普希金书店· 中国最美县级书店--江苏阜宁书城· 中国“东方第一城”最美书店--佳木斯新华书店· 中国第一家红色书店--井冈山红色书店· 牡丹江新华书店( 筹建中) · 全国其他实体书店分析中国实体书店转型升级样本个案分析。
510 1  @aRevolution of bookstore@zeng
517 1  @a中国实体书店成功转型策划与实战手记@Azhong guo shi ti shu dian cheng gong zhuan xing ce hua yu shi zhan shou ji
606 0  @a书店@Ashu dian@x商业经营@x研究@y中国
690    @aG239.23@v5
701  0 @a三石@Asan shi@4著
801  0 @aCN@b湖北三新@c20161009@g
905    @aBZT@dG239.23@e1
906    @dCNY79.00@n5@r1
    
    书店革命= The revolution of bookstore/三石著.-哈尔滨:黑龙江教育出版社,2016
    299页:彩图;24cm
    
    
    ISBN 978-7-5316-8835-8:CNY79.00
    国家新闻出版广电总局副局长、国家版权局副局长 阎晓宏作序三石老师首次公开实体书店成功升级改造策划手记· 中国最美欧式书店--哈尔滨果戈里书店· 中国最美“国门书店”--黑河普希金书店· 中国最美县级书店--江苏阜宁书城· 中国“东方第一城”最美书店--佳木斯新华书店· 中国第一家红色书店--井冈山红色书店· 牡丹江新华书店( 筹建中) · 全国其他实体书店分析中国实体书店转型升级样本个案分析。
●
相关链接 在五车中查询图书 在当当中查询图书 在豆瓣中查询图书


正题名:书店革命     索取号:G239.23/1         预约/预借

序号 登录号 条形码 馆藏地/架位号 状态 备注
1 843060   2000843060   第二书库/ [索取号:G239.23/1] 在馆    
2 843061   2000843061   第二书库/ [索取号:G239.23/1] 在馆    
3 843062   2000843062   第二书库/ [索取号:G239.23/1] 在馆    
4 843063   2000843063   第二书库/ [索取号:G239.23/1] 在馆    
5 843064   2000843064   第二书库/ [索取号:G239.23/1] 在馆    
山东省滨州职业学院图书馆 欢迎您!
大连网信软件有限公司© 版权所有